Plakaty filmowe według opisu - Statystyki

Ogólne statystyki
  • Ten quiz został rozwiązany 18 razy
    14 od ostatniego zresetowania
  • Średni wynik to 7 z 18
Statystyki odpowiedzi
Opis Film % Poprawnych
Sylwetka szkieletu T-Rexa Park Jurajski
80%
Obcy palec wyciągający się, by dotknąć ludzkiego palca, tworząc iskrę światła E.T.
70%
Mężczyzna wyglądający na szalonego, tnący drzwi siekierą, podczas gdy przerażona kobieta krzyczy Lśnienie
70%
Twarz kobiety, ale jej usta zostały zastąpione ćmą Milczenie owiec
70%
Kobieta trzymająca różę tuż przy nagim pępku American Beauty
50%
Mężczyzna siedzący na ławce w parku. Ma krótko ostrzyżone włosy, nosi garnitur i ma małą walizkę. Forrest Gump
50%
Kobieta w żółtym kombinezonie i trzymająca miecz samurajski Kill Bill: Volume1
50%
Olbrzymi latający spodek wystrzeliwuje wiązkę światła w szczyt Empire State Building Dzień Niepodległości
40%
Mężczyzna klęczący przed ruinami Statuy Wolności Planeta małp
40%
Mężczyzna i kobieta stoją tyłem do siebie. Ona ma na sobie wysokie buty do ud i chwyta go za krawat na ramionach. Pretty Woman
40%
Ogromny rekin płynący w kierunku nagiej kobiety Jaws
30%
Mężczyzna trzymający zdjęcie polaroidowe przedstawiające kobietę trzymającą zdjęcie polaroidowe przedstawiające mężczyznę ... Memento
30%
Mężczyzna w kapeluszu typu fedora i z biczem Poszukiwacze zaginionej Arki
30%
Na pierwszym planie noga kobiety zakładającej rajstopy. W tle młody mężczyzna patrzy. Absolwent
20%
Pięciu mężczyzn w policyjnym szeregu Podejrzani
20%
Młody mężczyzna wysiada z samochodu z drzwiami w kształcie skrzydeł mewy. Ze zdumieniem patrzy na zegarek. Powrót do przyszłości
10%
Zwinna, elegancko ubrana kobieta z bardzo długą cygarniczką w ustach Śniadanie u Tiffany’ego
10%
Ręka wykonująca znak pokoju. Przymocowane do niej są nogi kobiet, a na palcu wskazującym wisi hełm wojskowy. M*A*S*H
0%
Nie znaleziono quizów pasujących do podanych kryteriów
Rozkład punktacji
Procent ludzi z każdym wynikiem
Percentyl według liczby udzielonych odpowiedzi
Twoja historia wyników
Nie rozwiązałeś tego quizu od ostatniego zresetowania